000 00652nam a2200229 a 4500
001 605
003 BR-CuiBMT
005 20231110191813.0
008 231110s2016 baba 000 0 por d
020 _a8544206670
040 _aBR-CuiBMT
_cBR-CuiBMT
080 _22007
_a342
_x(094.4)
090 _a342(094.4)
_bM421m
_c4. ed.
100 1 _aMasson, Nathalia
245 1 0 _aManual de direito constitucional /
_cNathalia Masson
250 _a4. ed., rev., ampl. e atual.
260 _aSalvador :
_bJusPodivm,
_c2016.
300 _a1383 p. :
_bil. ;
_c24 cm
504 _aInclui bibliografia.
650 _aDireito constitucional
_vManual
942 _2udc
_cLV
999 _c605
_d605